| 000 | 00978nam a2200241Ia 4500 | ||
|---|---|---|---|
| 999 |
_c4900 _d4900 |
||
| 003 | OSt | ||
| 005 | 20200415222425.0 | ||
| 008 | 191128s9999 xx 000 0 und d | ||
| 040 |
_aCO-JMCR _cCO-JMCR |
||
| 041 | 0 | _aspa | |
| 082 | 0 | 4 |
_a323.4 / _bC133e _223 |
| 100 | 1 |
_aCaicedo Rodríguez, Nelson, _ecompilador _93122 |
|
| 245 | 1 | 0 |
_aEconomía, derechos humanos y acción defensorial / _ccompilador Nelson Caicedo Rodríguez |
| 250 | _a1a. edición | ||
| 260 |
_aBogotá : _bDefensoría del pueblo, _c2000 |
||
| 300 |
_a254 páginas ; _c24 cm. |
||
| 504 | _aBibliografía: páginas 253-254 | ||
| 505 | 0 | _aEstado, economía y globalización -- Tesis e instrumentos de protección de los derechos económicos, sociales y culturales -- Pobreza, derechos y responsabilidades estatales -- Acción defensorial | |
| 650 | 1 | 4 |
_aDerechos humanos _zColombia _93123 |
| 650 | 1 | 4 |
_aGarantías constitucionales _92578 |
| 650 | 1 | 4 |
_aDerechos económicos y sociales _93124 |
| 942 |
_2ddc _cBK |
||